000 01294nam a2200301Ia 4500
001 ebr10226806
003 CaPaEBR
006 m u
007 cr cn|||||||||
008 080128s2008 njua sbf 001 0 eng d
010 _z 2008003746
020 _z9780470259597 (cloth)
020 _z0470259590 (cloth)
040 _aCaPaEBR
_cCaPaEBR
035 _a(OCoLC)214281909
050 1 4 _aRS192
_b.P4635 2008eb
245 0 0 _aPharmaceutical manufacturing handbook
_h[electronic resource] :
_bregulations and quality /
_c[edited by] Shayne Cox Gad.
260 _aHoboken, N.J. :
_bWiley-Interscience,
_cc2008.
300 _axiii, 841 p. :
_bill.
504 _aIncludes bibliographical references and index.
533 _aElectronic reproduction.
_bPalo Alto, Calif. :
_cebrary,
_d2009.
_nAvailable via World Wide Web.
_nAccess may be limited to ebrary affiliated libraries.
650 0 _aPharmaceutical technology
_xQuality control
_vHandbooks, manuals, etc.
650 0 _aPharmacy
_xLaw and legislation
_zUnited States
_vHandbooks, manuals, etc.
655 7 _aElectronic books.
_2local
700 1 _aGad, Shayne C.,
_d1948-
710 2 _aebrary, Inc.
856 4 0 _uhttp://site.ebrary.com/lib/rucke/Doc?id=10226806
_zAn electronic book accessible through the World Wide Web; click to view
999 _c41779
_d41779